|
|
|
|
| LEADER |
00000nam0a2200000 4500 |
| 001 |
32510 |
| 005 |
20231030204917.0 |
| 010 |
|
|
|a 5732500804
|
| 035 |
|
|
|a (RuTPU)RU\TPU\book\32809
|
| 035 |
|
|
|a BOOK00000014
|
| 090 |
|
|
|a 32510
|
| 100 |
|
|
|a 20011210d1992 k y0rusy50 ca
|
| 101 |
0 |
|
|a rus
|
| 102 |
|
|
|a RU
|
| 105 |
|
|
|a a z 001zy
|
| 200 |
1 |
|
|a Алгоритмы последовательного обнаружения сигналов
|f А. К. Розов
|
| 210 |
|
|
|a Санкт-Петербург
|c Политехника
|d 1992
|
| 215 |
|
|
|a 234 с.
|c ил.
|
| 320 |
|
|
|a Библиогр.: с. 232-233.
|
| 610 |
1 |
|
|a радиоэлектроника
|
| 610 |
1 |
|
|a радиолокация
|
| 610 |
1 |
|
|a гидролокация
|
| 610 |
1 |
|
|a сигналы
|
| 610 |
1 |
|
|a обнаружение
|
| 610 |
1 |
|
|a статистические методы
|
| 610 |
1 |
|
|a алгоритмы
|
| 675 |
|
|
|a 621.396.969
|v 3
|
| 700 |
|
1 |
|a Розов
|b А. К.
|g Алексей Константинович
|
| 801 |
|
0 |
|a RU
|b 63413507
|c 20011210
|g PSBO
|
| 801 |
|
2 |
|a RU
|b 63413507
|c 20150610
|g RCR
|
| 942 |
|
|
|c BK
|